006110000a22001690004500090001300000100003200013700002900045245011800074044001300192041001400205650002600219650002400245651003700269942001300306773010500319999001700424 aSERIADAS1 aGómez, Jesús D.91007731 aPoveda, Germán910077410aEstimación del espectro multifractal para series de precipitación horaria en los Andes tropicales de Colombia aColombia0 aEspañol14aPrecipitación9916814aHidrología992912 4pColombialRegión andina992749 cARTICULO1 tRevista de la Academia Colombiana de Ciencias Exactas, Físicas y Naturalesh125q483-502d2008g32 c16411d16411